[Event "Graz op-A 19th"]
[Site "Graz"]
[Date "2012.09.01"]
[Round "8"]
[White "Nikic, Saso"]
[Black "Zoebisch, Herbert"]
[Result "1/2-1/2"]
[WhiteElo "1691"]
[BlackElo "2108"]
[PlyCount "67"]
[EventDate "2012.08.25"]
[EventType "swiss"]
[EventRounds "9"]
[EventCountry "AUT"]
[SourceTitle "CBM 150 Extra"]
[Source "ChessBase"]
[SourceDate "2012.10.19"]
[SourceVersion "1"]
[SourceVersionDate "2012.10.19"]
[SourceQuality "1"]

1. e4 e5 2. Nf3 Nc6 3. Bb5 a6 4. Bxc6 dxc6 5. 0-0 f6 6. d4 exd4 7. Nxd4 c5 8. Ne2 Qxd1 9. Rxd1 Bd7 10. Nbc3 0-0-0 11. Be3 b6 12. Nf4 Ne7 13. Rd2 Ng6 14. Nxg6 hxg6 15. Bf4 g5 16. Bg3 Be6 17. Rxd8+ Kxd8 18. Rd1+ Kc8 19. Nd5 Bxd5 20. Rxd5 Be7 21. Kf1 c4 22. Ke2 Re8 23. f3 b5 24. h3 Bf8 25. Kf1 Re6 26. Rd1 Bc5 27. Rd5 Be7 28. h4 gxh4 29. Bxh4 Bd6 30. Kf2 Be5 31. b3 cxb3 32. cxb3 Rc6 33. Rd2 Bf4 34. Re2 1/2-1/2

[Event "Graz op-A 19th"]
[Site "Graz"]
[Date "2012.08.29"]
[Round "5"]
[White "Zoebisch, Herbert"]
[Black "Spelec, Darko"]
[Result "0-1"]
[WhiteElo "2108"]
[BlackElo "2012"]
[PlyCount "89"]
[EventDate "2012.08.25"]
[EventType "swiss"]
[EventRounds "9"]
[EventCountry "AUT"]
[SourceTitle "CBM 150 Extra"]
[Source "ChessBase"]
[SourceDate "2012.10.19"]
[SourceVersion "1"]
[SourceVersionDate "2012.10.19"]
[SourceQuality "1"]

1. d4 Nf6 2. c4 e6 3. Nc3 Bb4 4. e3 Bxc3+ 5. bxc3 d6 6. Bd3 0-0 7. Ne2 Re8 8. e4 e5 9. f3 Nbd7 10. 0-0 Nf8 11. d5 Ng6 12. Bg5 h6 13. Be3 b6 14. Qd2 Qe7 15. Kh1 Rf8 16. Rae1 Nh7 17. Ng3 Qh4 18. Nf5 Bxf5 19. exf5 Ne7 20. g3 Qf6 21. f4 Rae8 22. fxe5 dxe5 23. h4 Rd8 24. Be4 c5 25. Qh2 Nc8 26. g4 Nd6 27. Bd3 Rfe8 28. Rg1 e4 29. Be2 Kf8 30. Ref1 Ke7 31. g5 hxg5 32. hxg5 Qxc3 33. f6+ gxf6 34. gxf6+ Nxf6 35. Bg5 Rh8 36. Bh5 Nde8 37. Rf5 Kf8 38. Bxf6 Nxf6 39. Rgf1 Nxh5 40. Rxh5 Rxh5 41. Qxh5 Rd7 42. Qf5 Qh8+ 43. Kg2 Qg7+ 44. Kf2 Re7 45. Ke2 0-1

[Event "Vienna Husek op-A"]
[Site "Vienna"]
[Date "2012.08.17"]
[Round "5"]
[White "Zoebisch, Herbert"]
[Black "Pisu, Robert Daniel"]
[Result "1/2-1/2"]
[WhiteElo "2108"]
[BlackElo "2033"]
[PlyCount "46"]
[EventDate "2012.08.13"]
[EventType "swiss"]
[EventRounds "7"]
[EventCountry "AUT"]
[SourceTitle "EXT 2014"]
[Source "ChessBase"]
[SourceDate "2013.11.20"]
[SourceVersion "1"]
[SourceVersionDate "2013.11.20"]
[SourceQuality "1"]

1. d4 Nf6 2. c4 g6 3. Nc3 d5 4. Bf4 Bg7 5. e3 c5 6. dxc5 Qa5 7. Rc1 dxc4 8. Bxc4 0-0 9. Nge2 Qxc5 10. Qb3 Nc6 11. Nb5 Na5 12. Bxf7+ Rxf7 13. Qxf7+ Kxf7 14. Rxc5 Ne4 15. Rc7 Bxb2 16. f3 a6 17. Nd6+ Nxd6 18. Bxd6 Nc6 19. 0-0 Bf6 20. Nf4 Bc3 21. Rb1 Ba5 22. Rxc8 Rxc8 23. Rxb7 Rd8 1/2-1/2

[Event "Vienna Husek op-A"]
[Site "Vienna"]
[Date "2012.08.13"]
[Round "1"]
[White "Zoebisch, Herbert"]
[Black "Jovanovic, Zoran"]
[Result "0-1"]
[WhiteElo "2108"]
[BlackElo "2521"]
[PlyCount "206"]
[EventDate "2012.08.13"]
[EventType "swiss"]
[EventRounds "7"]
[EventCountry "AUT"]
[SourceTitle "CBM 149 Extra"]
[Source "ChessBase"]
[SourceDate "2012.08.24"]
[SourceVersion "1"]
[SourceVersionDate "2012.08.24"]
[SourceQuality "1"]

1. d4 d6 2. c4 e5 3. Nf3 e4 4. Ng5 Nf6 5. Nc3 Qe7 6. Qc2 Nc6 7. e3 Bf5 8. d5 Nb8 9. f3 Nbd7 10. Ngxe4 Nxe4 11. Nxe4 Bxe4 12. Qxe4 Qxe4 13. fxe4 g6 14. Bd3 Bg7 15. Rb1 0-0 16. b3 Rfe8 17. Bb2 Nc5 18. Ke2 a5 19. Bxg7 Kxg7 20. Rhf1 Re5 21. Rf3 Rae8 22. Rbf1 R8e7 23. Kd2 Nxe4+ 24. Bxe4 Rxe4 25. Kd3 f5 26. R1f2 Kf6 27. g3 Kg5 28. h3 h5 29. Rg2 R7e5 30. a4 c6 31. dxc6 bxc6 32. Re2 Kf6 33. h4 Rg4 34. Rg2 Re7 35. Rf4 Rb7 36. Kc3 Ke5 37. Rd4 Rb6 38. Rf4 Rb8 39. Rg1 Rb4 40. Rg2 d5 41. cxd5 cxd5 42. Rg1 Kd6 43. Rg2 Kc5 44. Rxg4 Rxg4 45. Kb2 Re4 46. Rc2+ Kd6 47. Rc8 Rxe3 48. Ra8 Rxg3 49. Rxa5 f4 50. Ra8 d4 51. a5 Rg2+ 52. Ka3 Rg1 53. Kb2 Kc5 54. a6 Kb6 55. Rd8 f3 56. Rd6+ Ka7 57. Rf6 f2 58. Rxf2 Kxa6 59. Kc2 Rg4 60. Kd3 Kb5 61. Rf8 Rxh4 62. Rb8+ Kc6 63. b4 Rg4 64. Rc8+ Kb6 65. Rb8+ Kc7 66. Rh8 h4 67. Kc4 d3+ 68. Kxd3 Rxb4 69. Rh6 Rg4 70. Ke3 Kd7 71. Kf3 Rg3+ 72. Kf2 g5 73. Ra6 Ke7 74. Rb6 Kf7 75. Ra6 Kg7 76. Rb6 Rd3 77. Kg2 Rd4 78. Kh3 Rf4 79. Ra6 Rf6 80. Ra4 Kg6 81. Kg4 Rd6 82. Rb4 Kf6 83. Ra4 Rb6 84. Rc4 Re6 85. Ra4 Re5 86. Ra6+ Kf7 87. Rb6 Re6 88. Rb5 Rg6 89. Rb7+ Kf8 90. Ra7 Rg7 91. Ra8+ Ke7 92. Ra7+ Kf6 93. Ra5 Rg8 94. Rf5+ Ke6 95. Ra5 Rh8 96. Kxg5 h3 97. Ra1 Ke5 98. Re1+ Kd4 99. Kg4 h2 100. Rh1 Ke3 101. Kg3 Rg8+ 102. Kh3 Kf2 103. Rxh2+ Kf3 0-1

[Event "AUT-ch"]
[Site "Zwettl"]
[Date "2012.07.22"]
[Round "2"]
[White "Kleiser, Gregor"]
[Black "Zoebisch, Herbert"]
[Result "1/2-1/2"]
[WhiteElo "2269"]
[BlackElo "2108"]
[PlyCount "62"]
[EventDate "2012.07.21"]
[EventType "swiss"]
[EventRounds "9"]
[EventCountry "AUT"]
[SourceTitle "CBM 149 Extra"]
[Source "ChessBase"]
[SourceDate "2012.08.24"]
[SourceVersion "1"]
[SourceVersionDate "2012.08.24"]
[SourceQuality "1"]

1. d4 d5 2. c4 dxc4 3. Nf3 Nf6 4. e3 e6 5. Bxc4 c5 6. 0-0 a6 7. Bb3 Nc6 8. Nc3 Be7 9. dxc5 Qxd1 10. Rxd1 Bxc5 11. Bd2 Bd7 12. Rac1 Ba7 13. Be1 Rc8 14. Nd2 Na5 15. Bc2 Nc4 16. Nxc4 Rxc4 17. b3 Rc6 18. Ne4 Nd5 19. Bd3 f5 20. Rxc6 fxe4 21. Rc2 exd3 22. Rxd3 Bc6 23. a4 0-0 24. Rc4 e5 25. g3 Re8 26. Ba5 h6 27. h4 h5 28. Kf1 e4 29. Rd1 Rf8 30. Ke1 Re8 31. Rc2 Kf7 1/2-1/2

[Event "Graz op 18th"]
[Site "Graz"]
[Date "2011.09.04"]
[Round "9"]
[White "Zoebisch, Herbert"]
[Black "Neubauer, Anton"]
[Result "1/2-1/2"]
[WhiteElo "2148"]
[BlackElo "1923"]
[PlyCount "48"]
[EventDate "2011.08.27"]
[EventType "swiss"]
[EventRounds "9"]
[EventCountry "AUT"]
[SourceTitle "CBM 144 Extra"]
[Source "ChessBase"]
[SourceDate "2011.10.28"]
[SourceVersion "1"]
[SourceVersionDate "2011.10.28"]
[SourceQuality "1"]

1. d4 d5 2. c4 e6 3. Nc3 Nf6 4. Nf3 Be7 5. Bf4 0-0 6. e3 c5 7. dxc5 Bxc5 8. Qc2 Nc6 9. a3 Be7 10. Rd1 a6 11. Be2 Qa5 12. 0-0 dxc4 13. Bxc4 b5 14. Bd3 Bb7 15. Ne4 h6 16. Nxf6+ Bxf6 17. Bh7+ Kh8 18. Be4 Rac8 19. Qb1 Rfd8 20. Bd6 Qb6 21. b4 Kg8 22. Bh7+ Kh8 23. Be4 Kg8 24. Bh7+ Kh8 1/2-1/2

[Event "Graz op 18th"]
[Site "Graz"]
[Date "2011.09.01"]
[Round "6"]
[White "Schriebl, Alexander"]
[Black "Zoebisch, Herbert"]
[Result "1/2-1/2"]
[WhiteElo "2080"]
[BlackElo "2148"]
[PlyCount "120"]
[EventDate "2011.08.27"]
[EventType "swiss"]
[EventRounds "9"]
[EventCountry "AUT"]
[SourceTitle "CBM 144 Extra"]
[Source "ChessBase"]
[SourceDate "2011.10.28"]
[SourceVersion "1"]
[SourceVersionDate "2011.10.28"]
[SourceQuality "1"]

1. d4 d5 2. c4 dxc4 3. Nf3 Nf6 4. e3 e6 5. Bxc4 c5 6. 0-0 a6 7. Bb3 Nc6 8. Nc3 Be7 9. dxc5 Qxd1 10. Rxd1 Bxc5 11. Bd2 Bd7 12. Rac1 Ba7 13. Na4 Rc8 14. Be1 Ke7 15. Nc5 Bxc5 16. Rxc5 Ne4 17. Rcc1 Rhd8 18. Bc2 Nf6 19. Ng5 h6 20. Ne4 Nxe4 21. Bxe4 Be8 22. Bc3 f6 23. h3 Rxd1+ 24. Rxd1 Rd8 25. Rc1 Kf7 26. Kf1 Ke7 27. Ke1 Kf7 28. g3 Ke7 29. Rc2 Kf7 30. f4 Bd7 31. h4 Ke7 32. a3 Rc8 33. Kd2 Kf7 34. Ke2 f5 35. Bf3 g6 36. Rd2 Be8 37. Kd1 Rd8 38. e4 Rxd2+ 39. Kxd2 h5 40. exf5 exf5 41. Bd5+ Ke7 42. Kd3 Kd6 43. Bg8 b5 44. Bb4+ Kc7 45. Bc5 Kd7 46. Kc3 a5 47. b3 Kc7 48. Bd5 Nd8 49. Be7 Nc6 50. Bf8 Kb6 51. Bd6 Nd8 52. b4 a4 53. Be7 Nc6 54. Bf8 Nd8 55. Bd6 Nc6 56. Bg8 Kb7 57. Kd3 Kb6 58. Be5 Kb7 59. Be6 Nd8 60. Bd5+ Nc6 1/2-1/2

[Event "Graz op 18th"]
[Site "Graz"]
[Date "2011.08.27"]
[Round "1"]
[White "Kozul, Zdenko"]
[Black "Zoebisch, Herbert"]
[Result "1-0"]
[WhiteElo "2541"]
[BlackElo "2148"]
[PlyCount "57"]
[EventDate "2011.08.27"]
[EventType "swiss"]
[EventRounds "9"]
[EventCountry "AUT"]
[SourceTitle "CBM 144 Extra"]
[Source "ChessBase"]
[SourceDate "2011.10.28"]
[SourceVersion "1"]
[SourceVersionDate "2011.10.28"]
[SourceQuality "1"]

1. d4 d5 2. c4 dxc4 3. Nf3 Nf6 4. e3 e6 5. Bxc4 c5 6. 0-0 a6 7. a3 Nc6 8. Nc3 Be7 9. dxc5 Qxd1 10. Rxd1 Bxc5 11. b4 Ba7 12. Bb2 Bd7 13. Be2 Rc8 14. b5 axb5 15. Nxb5 Bb8 16. a4 Ne7 17. Ne5 Rc2 18. Nxd7 Nxd7 19. Bxg7 Rg8 20. Bd3 Rc5 21. Bd4 Rh5 22. g3 e5 23. Bb2 Nc5 24. Ba3 Nxd3 25. Rxd3 Nc6 26. Rad1 Rg4 27. Rd7 Rxa4 28. Rxb7 e4 29. Rxb8+ 1-0

[Event "Oberwart op"]
[Site "Oberwart"]
[Date "2010.07.18"]
[Round "9"]
[White "Zoebisch, Herbert"]
[Black "Handler, Lukas"]
[Result "1/2-1/2"]
[WhiteElo "2117"]
[BlackElo "2238"]
[PlyCount "128"]
[EventDate "2010.07.10"]
[EventType "swiss"]
[EventRounds "9"]
[EventCountry "AUT"]
[SourceTitle "CBM 137 Extra"]
[Source "ChessBase"]
[SourceDate "2010.09.01"]
[SourceVersion "1"]
[SourceVersionDate "2010.09.01"]
[SourceQuality "1"]

1. d4 d5 2. c4 c6 3. Nf3 Nf6 4. Nc3 dxc4 5. a4 c5 6. e3 cxd4 7. Qxd4 Qxd4 8. Nxd4 e5 9. Ndb5 Na6 10. Bxc4 Bc5 11. 0-0 0-0 12. b3 Rd8 13. Rd1 Bg4 14. f3 Be6 15. Bxe6 fxe6 16. Kf1 Nb4 17. Ba3 Kf7 18. Bxb4 Bxb4 19. Na2 Bc5 20. Ke2 Nd5 21. Rd3 Rd7 22. Rad1 Rad8 23. g3 a6 24. Nbc3 Ke7 25. Ne4 Bb6 26. Nec3 Ba5 27. Nxd5+ exd5 28. b4 Bb6 29. e4 d4 30. Rc1 Bc7 31. b5 axb5 32. axb5 Bd6 33. Rc2 Ra8 34. Nc1 Ra1 35. Rb3 Rc7 36. Rxc7+ Bxc7 37. Nd3 Bd6 38. f4 Ra2+ 39. Kf3 exf4 40. e5 Bb8 41. gxf4 Rxh2 42. Ke4 h5 43. b6 h4 44. Kxd4 h3 45. Rb1 Rc2 46. Rh1 h2 47. Nc5 g5 48. fxg5 Bxe5+ 49. Kxe5 Rxc5+ 50. Kf4 Rc2 51. Kg3 Kf7 52. Rxh2 Rxh2 53. Kxh2 Kg6 54. Kg3 Kxg5 55. Kf3 Kf5 56. Ke3 Ke5 57. Kd3 Kd5 58. Kc3 Kc5 59. Kb3 Kb5 60. Kc3 Kxb6 61. Kb4 Kc6 62. Kc4 Kb6 63. Kb4 Kc7 64. Kc5 Kb8 1/2-1/2

[Event "Graz op-A 16th"]
[Site "Graz"]
[Date "2009.09.01"]
[Round "4"]
[White "Wittmann, Walter"]
[Black "Zoebisch, Herbert"]
[Result "1/2-1/2"]
[WhiteElo "2274"]
[BlackElo "2145"]
[PlyCount "105"]
[EventDate "2009.08.29"]
[EventType "swiss"]
[EventRounds "9"]
[EventCountry "AUT"]
[SourceTitle "CBM 132 Extra"]
[Source "ChessBase"]
[SourceDate "2009.11.03"]
[SourceVersion "1"]
[SourceVersionDate "2009.11.03"]
[SourceQuality "1"]

1. e4 e5 2. Nf3 Nc6 3. Bb5 a6 4. Ba4 Nf6 5. 0-0 Be7 6. Bxc6 dxc6 7. Re1 Bg4 8. h3 Bxf3 9. Qxf3 0-0 10. d3 Nd7 11. Nd2 Bg5 12. Nc4 Bxc1 13. Raxc1 f6 14. Qe3 c5 15. Rcd1 b6 16. Qg3 Rf7 17. Rf1 Nf8 18. f4 exf4 19. Rxf4 Ng6 20. Rf2 b5 21. Ne3 Qd6 22. Qf3 Rd8 23. Nf5 Qe5 24. c3 Rfd7 25. d4 cxd4 26. cxd4 Qe6 27. d5 Qb6 28. Nd4 c5 29. Ne6 Rc8 30. Kh1 Qd6 31. Rdf1 c4 32. a3 Re8 33. Qg4 Rde7 34. Re2 Qe5 35. Rf5 Qd6 36. h4 Rxe6 37. dxe6 Qxe6 38. Qh3 Ne5 39. Qg3 Rd8 40. h5 Rd1+ 41. Kh2 Rd3 42. Qh4 Qd6 43. Kh1 Rd1+ 44. Re1 h6 45. Rff1 Rd2 46. Rf2 Rxf2 47. Qxf2 Nd3 48. Qd2 Qe5 49. Re2 Qxh5+ 50. Kg1 Qc5+ 51. Kh1 Qh5+ 52. Kg1 Qc5+ 53. Kh1 1/2-1/2

[Event "Vienna op 16th"]
[Site "Vienna"]
[Date "2009.08.19"]
[Round "5"]
[White "Zoebisch, Herbert"]
[Black "Hess, Christian"]
[Result "0-1"]
[WhiteElo "2145"]
[BlackElo "2257"]
[PlyCount "55"]
[EventDate "2009.08.15"]
[EventType "swiss"]
[EventRounds "9"]
[EventCountry "AUT"]
[SourceTitle "CBM 131 Extra"]
[Source "ChessBase"]
[SourceDate "2009.09.03"]
[SourceVersion "2"]
[SourceVersionDate "2009.09.16"]
[SourceQuality "1"]

1. d4 d5 2. c4 c6 3. Nf3 Nf6 4. Nc3 dxc4 5. a4 Bf5 6. Ne5 Nbd7 7. Nxc4 Nb6 8. Ne5 a5 9. f3 Nfd7 10. Nxd7 Nxd7 11. e4 Bg6 12. f4 e6 13. Bc4 Nb6 14. Bb3 Qh4+ 15. g3 Qh3 16. Qe2 Bb4 17. f5 Bh5 18. Qf1 Qg4 19. Bf4 exf5 20. Bd1 Qg6 21. Bc7 Bxd1 22. Rxd1 Nxa4 23. exf5 Qg4 24. Kf2 Nxb2 25. Re1+ Kd7 26. Re4 Qxf5+ 27. Kg2 Qxf1+ 28. Rxf1 0-1

[Event "Graz op-A"]
[Site "Graz"]
[Date "2008.09.05"]
[Round "7"]
[White "Schriebl, Alexander"]
[Black "Zoebisch, Herbert"]
[Result "1/2-1/2"]
[WhiteElo "2088"]
[BlackElo "2133"]
[PlyCount "37"]
[EventDate "2008.08.30"]
[EventType "swiss"]
[EventRounds "9"]
[EventCountry "AUT"]
[SourceTitle "CBM 126 Extra"]
[Source "ChessBase"]
[SourceDate "2008.11.05"]
[SourceVersion "1"]
[SourceVersionDate "2008.11.05"]
[SourceQuality "1"]

1. d4 d5 2. c4 dxc4 3. Nf3 Nf6 4. Nc3 a6 5. e4 b5 6. e5 Nd5 7. a4 e6 8. axb5 Bb4 9. Qc2 Nb6 10. Qe4 Qd5 11. Qg4 axb5 12. Rxa8 Qxa8 13. Qxg7 Qa1 14. Qxh8+ Kd7 15. Kd1 Bxc3 16. bxc3 Qa4+ 17. Ke1 Qa1 18. Kd1 Qa4+ 19. Ke1 1/2-1/2

[Event "Graz op-A"]
[Site "Graz"]
[Date "2008.09.02"]
[Round "4"]
[White "Sorm, Daniel"]
[Black "Zoebisch, Herbert"]
[Result "0-1"]
[WhiteElo "2335"]
[BlackElo "2133"]
[PlyCount "48"]
[EventDate "2008.08.30"]
[EventType "swiss"]
[EventRounds "9"]
[EventCountry "AUT"]
[SourceTitle "CBM 126 Extra"]
[Source "ChessBase"]
[SourceDate "2008.11.05"]
[SourceVersion "1"]
[SourceVersionDate "2008.11.05"]
[SourceQuality "1"]

1. d4 d5 2. c4 dxc4 3. Nf3 Nf6 4. Nc3 a6 5. e4 b5 6. e5 Nd5 7. a4 e6 8. axb5 Bb4 9. Qc2 Nb6 10. Qe4 Qd5 11. Qg4 axb5 12. Rxa8 Qxa8 13. Be2 Rg8 14. 0-0 Bxc3 15. bxc3 Nc6 16. Ng5 h6 17. Ne4 Ne7 18. Bf3 Bb7 19. Re1 Bd5 20. Qf4 Ng6 21. Qg4 Ne7 22. g3 Qa5 23. Bd2 Qa2 24. Qf4 Bxe4 0-1

[Event "Schwarzach op 23rd"]
[Site "Schwarzach"]
[Date "2008.08.21"]
[Round "6"]
[White "Braun, Peter"]
[Black "Zoebisch, Herbert"]
[Result "1-0"]
[WhiteElo "2232"]
[BlackElo "2133"]
[PlyCount "85"]
[EventDate "2008.08.16"]
[EventType "swiss"]
[EventRounds "9"]
[EventCountry "AUT"]
[SourceTitle "CBM 126 Extra"]
[Source "ChessBase"]
[SourceDate "2008.11.05"]
[SourceVersion "1"]
[SourceVersionDate "2008.11.05"]
[SourceQuality "1"]

1. d4 d5 2. c4 dxc4 3. e4 e5 4. Nf3 exd4 5. Bxc4 Bb4+ 6. Nbd2 Nc6 7. 0-0 Nf6 8. e5 Nd5 9. a3 Be7 10. Qb3 Na5 11. Qa4+ Nc6 12. Nxd4 Nb6 13. Nxc6 Nxa4 14. Nxd8 Bxd8 15. f4 g6 16. Ne4 Nb6 17. Bb3 Be7 18. Be3 Be6 19. Bxe6 fxe6 20. Bxb6 axb6 21. Rac1 c6 22. Rcd1 Rf8 23. Nd6+ Bxd6 24. Rxd6 Ke7 25. Rfd1 Rad8 26. Rxd8 Rxd8 27. Rxd8 Kxd8 28. Kf2 Ke7 29. Kf3 b5 30. Ke4 Kf7 31. g4 Ke7 32. f5 g5 33. f6+ Kf7 34. Kd4 b6 35. Kc3 Ke8 36. Kb4 Kd7 37. b3 Ke8 38. a4 bxa4 39. bxa4 Kd7 40. Kc4 h6 41. Kb4 Ke8 42. a5 c5+ 43. Kb5 1-0

[Event "Schwarzach op 23rd"]
[Site "Schwarzach"]
[Date "2008.08.18"]
[Round "3"]
[White "Zoebisch, Herbert"]
[Black "Semcesen, Daniel"]
[Result "0-1"]
[WhiteElo "2133"]
[BlackElo "2387"]
[PlyCount "68"]
[EventDate "2008.08.16"]
[EventType "swiss"]
[EventRounds "9"]
[EventCountry "AUT"]
[SourceTitle "CBM 126 Extra"]
[Source "ChessBase"]
[SourceDate "2008.11.05"]
[SourceVersion "1"]
[SourceVersionDate "2008.11.05"]
[SourceQuality "1"]

1. d4 f5 2. g3 Nf6 3. Bg2 g6 4. Nf3 Bg7 5. c4 0-0 6. 0-0 d6 7. Nc3 c6 8. d5 Bd7 9. Rb1 Na6 10. b3 Qe8 11. Bb2 h6 12. Nd2 Qf7 13. a3 Rac8 14. e3 g5 15. f4 Ng4 16. Qe2 e5 17. h3 Nf6 18. fxe5 dxe5 19. e4 Nh5 20. Rf3 f4 21. g4 Ng3 22. Qf2 h5 23. Rxg3 fxg3 24. Qxg3 hxg4 25. hxg4 Qf4 26. Qxf4 Rxf4 27. Ne2 Rxg4 28. Nf1 Nc5 29. Ne3 Rh4 30. Ng3 Re8 31. Bc3 Nd3 32. Rd1 Nf4 33. Be1 Rf8 34. Ngf5 Nxg2 0-1

[Event "Graz op"]
[Site "Graz"]
[Date "2006.09.21"]
[Round "6"]
[White "Ragger, Anna Christina"]
[Black "Zoebisch, Herbert"]
[Result "1/2-1/2"]
[WhiteElo "2096"]
[BlackElo "2194"]
[PlyCount "31"]
[EventDate "2006.09.16"]
[EventType "swiss"]
[EventRounds "9"]
[EventCountry "AUT"]
[SourceTitle "CBM 114 Extra"]
[Source "ChessBase"]
[SourceDate "2006.11.03"]
[SourceVersion "1"]
[SourceVersionDate "2006.11.03"]
[SourceQuality "1"]

1. e4 e5 2. Nf3 Nc6 3. Nc3 Nf6 4. d4 exd4 5. Nxd4 Bb4 6. Nxc6 bxc6 7. Bd3 d5 8. exd5 Qe7+ 9. Qe2 Qxe2+ 10. Kxe2 Nxd5 11. Nxd5 cxd5 12. Bb5+ Bd7 13. Bxd7+ Kxd7 14. Rd1 Ke6 15. c4 dxc4 16. Rd4 1/2-1/2

[Event "Graz op"]
[Site "Graz"]
[Date "2006.09.20"]
[Round "5"]
[White "Zoebisch, Herbert"]
[Black "Zupe, Miran"]
[Result "0-1"]
[WhiteElo "2194"]
[BlackElo "2378"]
[PlyCount "70"]
[EventDate "2006.09.16"]
[EventType "swiss"]
[EventRounds "9"]
[EventCountry "AUT"]
[SourceTitle "CBM 114 Extra"]
[Source "ChessBase"]
[SourceDate "2006.11.03"]
[SourceVersion "1"]
[SourceVersionDate "2006.11.03"]
[SourceQuality "1"]

1. d4 Nf6 2. c4 c5 3. d5 b5 4. cxb5 a6 5. e3 g6 6. Nc3 Bg7 7. a4 0-0 8. Nf3 d6 9. Ra3 Bb7 10. e4 axb5 11. Bxb5 Ne8 12. 0-0 Nc7 13. Bc4 Nd7 14. Rb3 Ba6 15. Bxa6 Nxa6 16. Bg5 Nb4 17. Re1 Re8 18. Bf4 Qa5 19. Ra3 c4 20. Re2 Nd3 21. Bc1 N7c5 22. Ne1 Nxc1 23. Qxc1 Nb3 24. Qe3 Bd4 25. Qg3 Bc5 26. Rxb3 cxb3 27. Nf3 Qa6 28. Re1 Bb4 29. h4 Bxc3 30. bxc3 Qd3 31. Nd4 Qxg3 32. fxg3 b2 33. Rb1 Reb8 34. Nb5 Rxa4 35. Rxb2 Rxe4 0-1

[Event "Vienna op-A 15th"]
[Site "Vienna"]
[Date "2006.08.03"]
[Round "6"]
[White "Boehm, Gerhard"]
[Black "Zoebisch, Herbert"]
[Result "1/2-1/2"]
[WhiteElo "2076"]
[BlackElo "2194"]
[PlyCount "77"]
[EventDate "2006.07.29"]
[EventType "swiss"]
[EventRounds "9"]
[EventCountry "AUT"]
[SourceTitle "CBM 113 Extra"]
[Source "ChessBase"]
[SourceDate "2006.09.14"]
[SourceVersion "1"]
[SourceVersionDate "2006.09.14"]
[SourceQuality "1"]

1. e4 e5 2. Nf3 Nc6 3. Bb5 a6 4. Ba4 Nf6 5. 0-0 Be7 6. Re1 b5 7. Bb3 d6 8. h3 0-0 9. c3 Bb7 10. d3 Na5 11. Bc2 c5 12. Nbd2 Re8 13. Nf1 Bf8 14. Ng3 h6 15. Nf5 d5 16. d4 dxe4 17. Nxe5 cxd4 18. cxd4 Rc8 19. Bb3 Nxb3 20. Qxb3 Bd5 21. Qg3 Kh8 22. Qh4 Nh7 23. Qxd8 Rexd8 24. a3 Kg8 25. Bd2 Be6 26. Ng3 f5 27. Bc3 Nf6 28. f3 exf3 29. Nxf3 Re8 30. Nh4 f4 31. Ne4 Nxe4 32. Rxe4 g5 33. Rae1 Bf7 34. Rxe8 Rxe8 35. Rxe8 Bxe8 36. Nf3 Bc6 37. Ne5 Be8 38. Nd3 Bc6 39. Ne5 1/2-1/2

[Event "Graz op"]
[Site "Graz"]
[Date "2005.09.10"]
[Round "8"]
[White "Kainrath, Florian"]
[Black "Zoebisch, Herbert"]
[Result "1/2-1/2"]
[WhiteElo "2084"]
[BlackElo "2204"]
[PlyCount "39"]
[EventDate "2005.09.03"]
[EventType "swiss"]
[EventRounds "9"]
[EventCountry "AUT"]
[SourceTitle "EXT 2007"]
[Source "ChessBase"]
[SourceDate "2006.11.23"]
[SourceVersion "1"]
[SourceVersionDate "2006.11.23"]
[SourceQuality "1"]

1. e4 e5 2. Nf3 Nc6 3. Nc3 Nf6 4. d4 exd4 5. Nd5 Be7 6. Bf4 d6 7. Nxd4 Nxd5 8. exd5 Nxd4 9. Qxd4 0-0 10. 0-0-0 Bd7 11. Bd3 f5 12. Qe3 Bf6 13. h4 Qe8 14. Qd2 Qf7 15. Be2 Rfe8 16. Bf3 a5 17. Bg5 b6 18. Bxf6 Qxf6 19. Qd4 Qxd4 20. Rxd4 1/2-1/2

[Event "Graz op"]
[Site "Graz"]
[Date "2005.09.09"]
[Round "7"]
[White "Zoebisch, Herbert"]
[Black "Frosch, Erich"]
[Result "0-1"]
[WhiteElo "2204"]
[BlackElo "2340"]
[PlyCount "98"]
[EventDate "2005.09.03"]
[EventType "swiss"]
[EventRounds "9"]
[EventCountry "AUT"]
[SourceTitle "EXT 2007"]
[Source "ChessBase"]
[SourceDate "2006.11.23"]
[SourceVersion "1"]
[SourceVersionDate "2006.11.23"]
[SourceQuality "1"]

1. d4 Nf6 2. c4 e6 3. Nc3 d5 4. Nf3 c6 5. e3 Nbd7 6. Bd3 dxc4 7. Bxc4 b5 8. Bd3 Bb7 9. e4 b4 10. Na4 Qa5 11. 0-0 c5 12. e5 Nd5 13. Re1 Rc8 14. Nxc5 Nxc5 15. dxc5 Bxc5 16. Qe2 h6 17. Bd2 Qb6 18. a3 a5 19. axb4 Bxb4 20. Rec1 Ke7 21. h3 Rhd8 22. Rxc8 Rxc8 23. Rc1 Rxc1+ 24. Bxc1 Bc5 25. Bc4 Nb4 26. Bd2 Bc6 27. Ne1 Bd4 28. Be3 Bxe3 29. Qxe3 Qxe3 30. fxe3 Be4 31. Kf2 Nc6 32. Nf3 Bxf3 33. gxf3 Nxe5 34. Ba6 Kd6 35. f4 Nd7 36. Bb5 Nb6 37. Ke2 f6 38. Kd3 g5 39. Kd4 Nd5 40. fxg5 hxg5 41. Be8 f5 42. Bb5 e5+ 43. Kd3 g4 44. hxg4 fxg4 45. Ke4 g3 46. Bf1 Nb6 47. Kf3 Kc5 48. Kxg3 Nc4 49. Kf3 Nd2+ 0-1